How to write paragraphs and letters : (Record no. 103591)

MARC details
000 -LEADER
fixed length control field 00571nam a22001817a 4500
005 - DATE AND TIME OF LATEST TRANSACTION
control field 20160923105112.0
010 ## - LCCN (DPL NO)
LC control number ENG-116089
020 ## - INTERNATIONAL STANDARD BOOK NUMBER
International Standard Book Number 9789381140246
Terms of availability 260.00
035 ## - SYSTEM CONTROL NUMBER
System control number EN-99621
037 ## - SOURCE OF ACQUISITION
Source of stock number/acquisition DBAD/PUB
082 ## - DEWEY DECIMAL CLASSIFICATION NUMBER
Classification number 808.042
100 ## - MAIN ENTRY--PERSONAL NAME
Personal name Pyne,Ajit
245 ## - TITLE STATEMENT
Title How to write paragraphs and letters :
Remainder of title you need for the test of written english /
Statement of responsibility, etc by Ajit Pyneall
260 ## - PUBLICATION, DISTRIBUTION, ETC. (IMPRINT)
Place of publication, distribution, etc Kolkata
Name of publisher, distributor, etc Parul Prakashani
Date of publication, distribution, etc 2016
270 ## - ADDRESS
Address 8/3,Chintamoni Das lane
City Kolkata
Postal code 700009
300 ## - PHYSICAL DESCRIPTION
Extent xxxii,210p.
Dimensions 24cm(pbk)
942 ## - ADDED ENTRY ELEMENTS (KOHA)
Source of classification or shelving scheme Dewey Decimal Classification
Item type English Books
Classification part 808.042
Call number suffix PYN
Holdings
Withdrawn status Lost status Not for loan Collection code Home library Current library Date acquired Source of acquisition Cost, normal purchase price Full call number Barcode Copy number Cost, replacement price Koha item type
      Non-fiction Ashok Vihar Ashok Vihar 22/09/2016 DBAD 260.00 808.042 PYN EN-99621 1 260.00 English Books

© Delhi Public Library
Hit Counter
free hit counter